00771cam a22002291 4500001001300000003000400013005001700017008004100034010002300075025002000098043001200118050001700130082001600147100006200163245006700225250001400292260011600306300003100422350001000453504004900463650002900512sa 68012206 DLC20260227112608.0720410s1966 ii c b 00010 eng  asa 68012206 //r842 aPL480:I-E-10908 aa-ii---0 aPL4751b.D42 a494/.811/0910aTēvanēyan̲, Ñā.q(Ñānamuttan̲),d1902-1981.14aThe primary classical language of the world,cby G. Devaneyan. a[1st ed.]0 aKa[t]padi Estension, North Arcot Dt.,bNesamani Pub. House; [copies can be had of Paari Nilayam, Madras,c1966] axvi, 313 p.bport.c23 cm. a15.00 a"Bibliography and abbreviations": p. xi-xiv. 0aTamil languagexHistory.